Statistics for Top 15 Most Democratic Countries in The World

Click here to take the quiz!

General Stats

  • This quiz has been taken 129 times
  • The average score is 12 of 15

Answer Stats

Score (The higher the better)Country% Correct
9.20Finland
96%
9.81Norway
96%
9.26Sweden
96%
9.24Canada
95%
9.15Denmark
91%
8.96Australia
88%
9.37Iceland
88%
9.25New Zealand
88%
8.67Germany
86%
8.83Switzerland
84%
9.05Ireland
80%
8.95Netherlands
80%
8.68Luxembourg
67%
8.94Taiwan
50%
8.61Uruguay
27%

Score Distribution

Percentile by Number Answered

Percent of People with Each Score

Your Score History

You have not taken this quiz